Seis años : la desmaterialización del objeto artístico de 1966 a 1972 /

Guardado en:
Bibliografiske detaljer
Hovedforfatter: Lippard, Lucy R. (edición)
Format: Bog
Sprog:spansk
Udgivet: Madrid, España : Akal, 2004, c2004
Serier:(Akal Arte Contemporáneo ; 14)
Fag:
Tags: Tilføj Tag
Ingen Tags, Vær først til at tagge denne postø!

MARC

LEADER 00000nam^a2200000^a^4500
001 000167109
005 20250521000000.0
009 20260310101116.899
020 |a 84-460-1175-1 
037 |a Acervo ITESO - Biblioteca 
041 |a ESP 
082 |a 709. 04  |b AKA V. 14 
100 |a Lippard, Lucy R.  |e (edición) 
245 1 0 |a Seis años :  |b la desmaterialización del objeto artístico de 1966 a 1972 /  |c Ed. y notas de L.R. Lippard ; tr. por María Luz Rodríguez Olivares. 
264 4 |a Madrid, España :  |b Akal,  |c 2004, c2004 
300 |a 378 p. 
336 |a texto  |b txt  |2 rdacontenido 
337 |a sin mediación  |b n  |2 rdamedio 
338 |a volumen  |b nc  |2 rdasoporte 
440 1 |a (Akal Arte Contemporáneo ;  |v 14) 
500 |a Traducción de: Six Years: The Dematerialization of the Art Object from 1966 to 1972 
649 |a XX 
650 |a Arte Conceptual -  |x Historia y Crítica -  |x Tema Principal 
650 |a Arte Conceptual -  |x Teoría 
650 |a Arte (Tendencias Recientes) -  |x Historia y Crítica 
650 |a Arte (Tendencias Recientes) -  |x Teoría 
650 |a Arte -  |x Historia y Crítica 
650 |a Arte -  |y 1960-1969 
650 |a Arte -  |y 1970-1979 
650 |a Arte -  |y Siglo XX 
650 |a Arte -  |x Teoría 
650 |a Estética 
650 |a Filosofía del Siglo XX 
910 |a Fondo General 
920 |a Impresos - Libros 
930 |a Colección General 
905 |a 101 
901 |a 0500102448  |b IT1  |c ACC  |u 20250521 
902 |a https://opac.biblio.iteso.mx/vufind/Record/000167109